000
002440000a22000970004500
100
1
_a
Green, Guillermo
245
1
0
_a
Apóstoles y charlatanes
300
_a
Vol.10, núm.1 (Marzo , 2008), Páginas 77-91
773
0
_t
Reforma Siglo 21
942
_c
ANA
999
_c
62473
_d
62473